000 00331nam a22001457a 4500
008 221003b ||||| |||| 00| 0 eng d
020 _a9780323169189
041 _aeng
080 _211th
_a610.73
082 _a610.73
100 _a6
101 _aINF
245 _aMaternity womens health care
_cLOWDERMILK D
942 _2udc
_cBK
999 _c58323
_d58323